El discurso del loco. Cuentos del Tarot
Guardat en:
| Autor principal: | |
|---|---|
| Format: | Llibre |
| Idioma: | Spanish |
| Publicat: |
Guatemala
F&G Editores
2009
|
| Matèries: | |
| Etiquetes: |
Afegir etiqueta
Sense etiquetes, Sigues el primer a etiquetar aquest registre!
|
MARC
| LEADER | 00000nam a22000007a 4500 | ||
|---|---|---|---|
| 007 | ta | ||
| 008 | 140310s2009 g a|||g |||| 000 0 spa d | ||
| 020 | |a 9789993995104 | ||
| 040 | |a cru CIICLA Universidad de Costa Rica | ||
| 082 | |a G863.4 Z36d | ||
| 100 | 1 | |a Zardetto, Carol | |
| 245 | 1 | 3 | |a El discurso del loco. Cuentos del Tarot |c Carol Zardetto |
| 260 | |a Guatemala |b F&G Editores |c 2009 | ||
| 300 | |a 208 páginas | ||
| 650 | 7 | |9 46 |a LITERATURA GUATEMALTECA |v CUENTOS | |
| 942 | |2 ddc |c BK | ||
| 999 | |c 3219 |d 3219 | ||



